| 000 | 01596namaa22003371i 4500 | ||
|---|---|---|---|
| 005 | 20260428122416.0 | ||
| 008 | 260428s1995 ua a|||frm||| 000 0 eng d | ||
| 040 |
_aEG-GICUC _beng _cEG-GICUC _dEG-GICUC _erda |
||
| 041 | 0 |
_aeng _beng |
|
| 049 | _aDeposit | ||
| 097 | _aM.Sc | ||
| 099 | _aCai01.12.07.M.Sc.1995.En.S | ||
| 100 | 0 |
_aEnas Mohamed Ahmed Hassan, _epreparation. |
|
| 245 | 1 | 0 |
_aSite selectivity in dipolar cycloaddition reacyions of nitrilimines with polyfunctional dipole / _cBy Enas Mohamed Ahmed Hassan ; Supervised Prof. Dr. Ahmed S. Shawali, Prof. Dr. Hamdi M. Hassneen, Pirof. Dr. Orchidee H. Hishmat, Prof. Dr. Atiat M. Nasef |
| 246 | 1 | 5 | _aانتقائية الموقع في تفاعلات الاضافة الحلقية ثنائة القطب للنتريليمينات مع الداي بولاروفيلات متعددة المجموعات الوظيفية |
| 264 | 0 | _c1995. | |
| 300 |
_a72 Leaves _billustrations _c30 cm. + |
||
| 336 |
_2rda content _atext |
||
| 337 |
_2rdamedia _aUnmediated |
||
| 338 |
_2rdacarrier _avolume |
||
| 502 | _aThesis (M.Sc.)-Cairo University, 1995 | ||
| 504 | _aBibliography: pages 66-72 | ||
| 653 | 0 | _apolyfunctional dipole | |
| 700 | 0 |
_aAhmed S. Shawali _ethesis advisor. |
|
| 700 | 0 |
_aHamdi M. Hassneen _ethesis advisor. |
|
| 700 | 0 |
_aOrchidee H. Hishmat _ethesis advisor. |
|
| 700 | 0 |
_aAtiat M. Nasef _ethesis advisor. |
|
| 900 |
_DDepartment of Chemistry _FFaculty of Science _UCairo University _b1995 _cAhmed S. Shawali _cHamdi M. Hassneen _cOrchidee H. Hishmat _cAtiat M. Nasef |
||
| 905 | _aNehad | ||
| 942 |
_2ddc _cTH _e21 _n0 |
||
| 999 | _c179783 | ||